02625nkc a2200373za 450000100060000000300040000600500170001000700070002700800410003404000240007510000410009924500470014026000240018730001000021150002830031150001920059450000650078650001340085150001690098550400520115450500440120651001510125051002100140156101300161161000470174165100260178865500400181470000600185485200120191485601500192694200250207695201330210199900170223484457OSt20260318132449.0kh boc250410s19101911sp ||||| ||||||0| i|spa d aM-RABAbspacM-RABA1 aElorza, Lorenzod(1861-1931)911106810aGácetab: Puerta de la Iglesiac/ L. E. c[ca. 1910 – 1911] a1 fotografíab: gelatina de platac; imagen 12 x 16,5 cmc; soporte secundario 21,5 x 26,5 cm aVista de la portada de la iglesia parroquial de San Martín de Gáceta, compuesta por un arco apuntado con cinco arquivoltas decoradas. Se apoya en imposta corrida con decoración vegetal y en cinco apeos baquetonados a cada lado. Frente a la puerta figura Federico Baraibar. aFotografía montada sobre soporte secundario de cartulina azul enmarcada con orla en relieve. Título y numeración manuscrita que hace referencia a la posición en la serie “76”. aSello con monograma del fotógrafo en tinta roja “L.E.” aFechas tomadas de la ejecución del positivo de las fotografías, incluido el soporte secundario. (Soto Madrazo, Javier. 2008). aForma parte de un conjunto de 167 fotografías empleadas por Federico Baráibar Zumárraga para la elaboración del Inventario del Románico en Álava (1911). aBaraibar, F.: "Rincones artísticos", M. 1914. aGáceta.- Puerta de la iglesia / L. E. aDescripción tomada de: Soto Madrazo, Javier (2008). Federico Baraibar y el Inventario del Románico en Álava: una caja con 167 fotografías. aEsta colección fue utilizada posteriormente por Cristóbal de Castro para la elaboración y publicación del "Catálogo Monumental de España: provincia de Álava", Madrid, S. de Rivadeneira, 1915. aDonadas junto con la memoria manuscrita a la Academia por el mismo Baraibar (Sesión 12 de febrero de 1912, Archivo: 4-32-1)20aIglesia de San Martín (Gáceta)9111617 7aÁlava2embne975661 0aFotografías de monumentos91115801 aBaráibar y Zumárraga, Federico d(1851-1918)912926 jFot-185 3Fot-185uhttps://archivoybiblioteca.realacademiabellasartessanfernando.com/cgi-bin/koha/opac-retrieve-file.pl?id=00a3ac39cd1aa97c0fda5c40d5216502 2ddccFOTOGRAFÍAn0 00102ddc40708FOTOGRAFIAaRABASFbRABASFcDP2d2025-04-10l0oFot-185p1095333r2025-04-10 11:12:22w2025-04-10yFOTOGRAFÍA c84457d84457